Hosa kṣitija. (Record no. 68222)

MARC details
000 -LEADER
fixed length control field 00520cam a22002171 4500
001 - CONTROL NUMBER
control field sa 66002215
003 - CONTROL NUMBER IDENTIFIER
control field DLC
005 - DATE AND TIME OF LATEST TRANSACTION
control field 20260227112227.0
008 - FIXED-LENGTH DATA ELEMENTS--GENERAL INFORMATION
fixed length control field 890801s1965 ii 000 1 kano
010 ## - LIBRARY OF CONGRESS CONTROL NUMBER
LC control number sa 66002215
035 ## - SYSTEM CONTROL NUMBER
System control number (OCoLC)20110020
040 ## - CATALOGING SOURCE
Original cataloging agency DLC
Transcribing agency WaU
Modifying agency DLC
042 ## - AUTHENTICATION CODE
Authentication code premarc
050 00 - LIBRARY OF CONGRESS CALL NUMBER
Classification number PL4658
Item number .H6
245 00 - TITLE STATEMENT
Title Hosa kṣitija.
260 ## - PUBLICATION, DISTRIBUTION, ETC.
Date of publication, distribution, etc. 1965.
300 ## - PHYSICAL DESCRIPTION
Extent 298 p.
Dimensions 19 cm.
500 ## - GENERAL NOTE
General note In Kannada.
650 #0 - SUBJECT ADDED ENTRY--TOPICAL TERM
Topical term or geographic name entry element Short stories, Kannada.
700 2# - ADDED ENTRY--PERSONAL NAME
Personal name Venkatesh Iyer, Kolar,
Dates associated with a name 1898-

No items available.

Powered by Koha